| 000 | 00000nam##2200000za#4500 |
| 001 | 9.623467 |
| 003 | CaOODSP |
| 005 | 20200327174445 |
| 007 | ta |
| 008 | 150406|1995||||xxc||||| f|0| 0 fre|d |
| 020 | |a0-662-80468-6 |
| 040 | |aCaOODSP|bfre |
| 043 | |an-cn--- |
| 086 | 1 |aA54-8/1995-4F |
| 110 | 1 |aCanada. |bAgriculture et agroalimentaire Canada. |bDirection générale de la recherche. |
| 245 | 10|aLes ressources zoogénétiques du Canada: les races caprines au Canada / |cPréparé sous la direction de J. N. B. Shrestha. |
| 260 | |aOttawa - Ontario : |bAgriculture et Agroalimentaire Canada. |c1995. |
| 300 | |a112p. ; |c28 cm. |
| 490 | 1 |aBulletin technique|v1995-4F |
| 563 | |aCouverture souple |
| 590 | |a95-44|b1995-11-03 |
| 691 | 07|aÉlevage|2gcpds |
| 720 | 1 |aShrestha, J. N. B. |
| 776 | 0#|tRessources zoogénétiques du Canada |w(CaOODSP)9.608402 |
| 830 | #0|aBulletin technique ;|v1995-4F|w(CaOODSP)9.512830 |